Liability, licensing and the flu vaccine market : making decisions today to prevent a crisis tomorrow : hearing before the Special Committee on Aging, United States Senate, One Hundred Eighth Congress, second session, Washington, DC, November 16, 2004.

Bibliographic Details
Corporate Authors: United States. Congress. Senate. Special Committee on Aging, ProQuest (Firm)
Format: eBook
Language:English
Published: Washington : U.S. G.P.O. : 2005.
Series:U.S. Congressional Hearings.
Subjects:
Online Access:Connect to the full text of this electronic book

MARC

Tag First Indicator Second Indicator Subfields
LEADER 00000cam a22000001a 4500
001 in00003333813
006 m d f
007 cr bn mmmapmmp
008 110909s2005 dcu o f000 0 eng d
005 20260511204139.8
035 |a chdc200500860 
040 |a ProQuest  |c ProQuest  |d UtOrBLW 
043 |a n-us--- 
074 |a 1009-B-01 
074 |a 1009-B-01 (online) 
074 |a 1009-C-01 (MF) 
074 |a 1009-C-01 (online) 
088 |a Serial no. 108-46 (United States. Congress. Senate. Special Committee on Aging) 
099 |a HRG-2004-AGS-0036 
110 1 |a United States.  |b Congress.  |b Senate.  |b Special Committee on Aging. 
245 1 0 |a Liability, licensing and the flu vaccine market :  |b making decisions today to prevent a crisis tomorrow : hearing before the Special Committee on Aging, United States Senate, One Hundred Eighth Congress, second session, Washington, DC, November 16, 2004. 
264 1 |a Washington :  |b U.S. G.P.O. :  |c 2005. 
264 2 |a Washington :  |b For sale by the Supt. of Docs., U.S. G.P.O., 
300 |a 1 online resource. 
336 |a text  |b txt  |2 rdacontent 
337 |a computer  |b c  |2 rdamedia 
338 |a online resource  |b cr  |2 rdacarrier 
490 1 |a S. hrg. ;  |v 108-780 
500 |a "Printed for the use of the Special Committee on Aging." 
500 |a Distributed to some depository libraries in microfiche. 
530 |a Also available via Internet from the GPO Access web site. Address as of 3/22/05: http://frwebgate.access.gpo.gov/cgi-bin/useftp.cgi?IPaddress=162.140.64.128&filename=98460.pdf&directory=/disk5/wais/data/108%5Fsenate%5Fhearings 
500 |a "Serial number 108-46." 
500 |a Reuse of record except for individual research requires license from ProQuest, LLC. 
500 |a Electronic resource. 
538 |a System requirements: PDF reader software. 
650 0 |a Influenza vaccines  |x Government policy  |z United States. 
650 0 |a Vaccines industry  |x Government policy  |z United States. 
655 7 |a Electronic books.  |2 local 
710 2 |a ProQuest (Firm) 
776 0 8 |i Print version:   |a United States.Congress.Senate.Special Committee on Aging.  |t Liability, licensing and the flu vaccine market  |w (DLC)2005414696  |w (OCoLC)ocm58551201 
776 0 8 |i Microfiche version:   |a United States.Congress.Senate.Special Committee on Aging.  |t Liability, licensing and the flu vaccine market  |d [Bethesda, Md.] : ProQuest LLC, [2004]  |o CIS 2005 S141-10  |w (ProQuest)cis00501831 
810 1 |a United States.  |b Congress.  |b Senate.  |t S. hrg. ;  |v 108-780. 
830 0 |a U.S. Congressional Hearings. 
856 4 0 |u http://proxy.library.tamu.edu/login?url=https://congressional.proquest.com/congcomp/getdoc?HEARING-ID=HRG-2004-AGS-0036  |z Connect to the full text of this electronic book  |t 0 
998 |a cis00501831 
999 |a MARS 
999 f f |s 3ce6e0b6-41fc-30ba-8173-df431a0bd642  |i 8f8b9792-17e0-306c-a131-29d4f8f7d926  |t 0 
952 f f |a Texas A&M University  |b College Station  |c Electronic Resources  |s www_evans  |d Available Online  |t 0  |e HRG-2004-AGS-0036  |h Other scheme 
998 f f |a HRG-2004-AGS-0036  |t 0  |l Available Online